000 00633nam a22002297a 4500
003 DEla salle
005 20140310183004.0
008 130209t xxu||||| |||| 00| 0 eng d
020 _a971084184x
050 _aPN5422
_b.P36 2009
082 _aPN5422
_b.P36 2009
100 _aPangilinan, Estelita Constantino
245 _aJournalism handbook /
_cEstelita Constantino Pangilinan.
250 _arev .ed.
260 _aMandaluyong City :
_bNational Book Store,
_c2009.
300 _ax, 205 p. :
_c26 cm.
_bill. ;
521 _aMC
650 _aJournalism
942 _2lcc
_cBK
_kLOC
999 _c18158
_d18158